LEADER 02747nam 2200541 450 001 9910811760003321 005 20230817190747.0 010 $a1-61537-201-6 035 $a(CKB)4100000006995166 035 $a(Au-PeEL)EBL5524378 035 $a(OCoLC)1038021882 035 $a(MiAaPQ)EBC5524378 035 $a(EXLCZ)994100000006995166 100 $a20181012d2019 uy 0 101 0 $aeng 135 $aurcnu|||||||| 181 $ctxt$2rdacontent 182 $cc$2rdamedia 183 $acr$2rdacarrier 200 10$aPositive psychiatry $ea casebook /$fedited by Richard F. Summers, Dilip V. Jeste 210 1$aWashington, DC :$cAmerican Psychiatric Association Publishing,$d[2019] 210 4$dİ2019 215 $a1 online resource (258 pages) 311 $a1-61537-139-7 320 $aIncludes bibliographical references and index. 327 $aA family and wellness based approach to child emotional-behavioral problems / Rettew -- A strength-based approach to the psychotherapeutic management of schizophrenia / Vahia and Charmadhikari -- MDMA-assisted psychotherapy for PTSD / Raison -- Recovering strengths : combining psychodynamic psychotherapy and positive psychiatry for improved self-esteem / Bozorgnia -- Positivity in the treatment of opioid addiction and trauma / O'Donnell -- Effective use of positive psychiatry concepts in the psychotherapy of an older patient living with bipolar disorder / Sewell -- Diabetes as a family illness : a positive approach to diabetes management / Martin -- Surfing the urge to avoid : using acceptance commitment therapy and cognitively based compassion training to treat PTSD / Casmar -- Use of an integrated positive psychiatry approach in a veteran with tinnitus / Laird and Serpa -- Building resilience to chronic stress in caregivers / Biscoe -- Stress management and resiliency training in medical internship / Chaukos and Teitelbaum -- Acting 'as if' in executive coaching / Polly -- Teaching positive psychology in law school / Bowling. 606 $aPsychotherapy$xmethods 606 $aHappiness 606 $aResilience, Psychological 606 $aPsychiatry$xmethods 606 $aMental Disorders$xtherapy 608 $aCase Reports 615 12$aPsychotherapy$xmethods 615 22$aHappiness 615 22$aResilience, Psychological 615 22$aPsychiatry$xmethods 615 22$aMental Disorders$xtherapy 676 $a616.89/14 702 $aSummers$b Richard F. 702 $aJeste$b Dilip V. 712 02$aAmerican Psychiatric Association Publishing. 801 0$bMiAaPQ 801 1$bMiAaPQ 801 2$bMiAaPQ 906 $aBOOK 912 $a9910811760003321 996 $aPositive psychiatry$93998760 997 $aUNINA LEADER 01252nam 2200349z- 450 001 9910694592003321 005 20080930084507.0 035 $a(CKB)5860000000022448 035 $a(BIP)024321403 035 $a(EXLCZ)995860000000022448 100 $a20220406c2008uuuu -u- - 101 0 $aeng 200 14$aThe Everglades $eprotecting natural treasures through international organizations : hearing before the Subcommittee on International Operations and Organizations, Democracy, and Human Rights of the Committee on Foreign Relations, United States Senate, One Hundred Tenth Congress, first session, September 19, 2007 215 $a1 online resource (iii, 48 p.) $cill 311 $a0-16-081547-9 517 $aEverglades 606 $aWorld Heritage areas$zFlorida 606 $aEndangered ecosystems$zFlorida 607 $aEverglades National Park (Fla.) 610 $aEverglades national park (fla.) 610 $aHistoric sites 610 $aNature conservation 610 $aUnited States 610 $aTravel 610 $aNature 610 $aScience 615 0$aWorld Heritage areas 615 0$aEndangered ecosystems 906 $aBOOK 912 $a9910694592003321 996 $aThe Everglades$93092209 997 $aUNINA